Welcome to CU Library Online Public Access Catalogue (OPAC)

THE TYPOLOGY OF SCRIPTURE (Record no. 6519)

MARC details
000 -LEADER
fixed length control field 00344nam a22001337a 4500
005 - DATE AND TIME OF LATEST TRANSACTION
control field 20250616132706.0
008 - FIXED-LENGTH DATA ELEMENTS--GENERAL INFORMATION
fixed length control field 250616b |||||||| |||| 00| 0 eng d
050 ## - LIBRARY OF CONGRESS CALL NUMBER
Classification number BS478
Item number FAI
100 ## - MAIN ENTRY--PERSONAL NAME
Personal name FAIRBAIRE PATRICK
245 ## - TITLE STATEMENT
Title THE TYPOLOGY OF SCRIPTURE
260 ## - PUBLICATION, DISTRIBUTION, ETC.
Place of publication, distribution, etc. MICHIGAN
Name of publisher, distributor, etc. ZONDERVAN PUBLISHING HOUSE
300 ## - PHYSICAL DESCRIPTION
Extent vii, 484p
942 ## - ADDED ENTRY ELEMENTS (KOHA)
Source of classification or shelving scheme Library of Congress Classification
Koha item type Books
Suppress in OPAC No
999 ## -
-- 6519
-- 6519
Holdings
Withdrawn status Lost status Source of classification or shelving scheme Damaged status Not for loan Collection Home library Current library Shelving location Date acquired Total checkouts Full call number Barcode Date last seen Copy number Price effective from Koha item type
    Library of Congress Classification     Non-fiction Undergraduate Library (Christ Temple) Undergraduate Library (Christ Temple) General stacks 06/16/2025   BS478 FAI ulct00003337 06/16/2025 1 06/16/2025 Books
© 2023-2024 Copyright: Central University Libraries. All Rights Reserved | Created by: Mahone Tech Office